[Event "Gibraltar Open"]
[Site "Caleta ENG"]
[Date "2012.01.31"]
[Round "8.122"]
[White "Jernselius, Kjell"]
[Black "Neumanova, Monika"]
[Result "1/2-1/2"]
[WhiteElo "1858"]
[BlackElo "1696"]
[WhiteFideId "1712217"]
[BlackFideId "323918"]
[EventDate "2012.01.24"]

1. d4 Nf6 2. Nf3 e6 3. Bg5 Be7 4. e3 d5 5. Bd3 O-O 6. Nbd2 h6 7. Bh4 Nbd7 8. O-O
c5 9. c3 b6 10. h3 Bb7 11. Bg3 Ne4 12. Bh2 Rc8 13. Ne5 Bd6 14. Nxd7 Bxh2+ 15.
Kxh2 Qxd7 16. Nf3 Rfd8 17. Qe2 Qe7 18. Ba6 c4 19. Bxb7 Qxb7 20. Nd2 Nxd2 21.
Qxd2 Qe7 22. Rad1 Qb7 23. Qe2 Qe7 24. e4 dxe4 25. Qxe4 Qc7+ 26. Kg1 Qc6 27. Rfe1
a6 28. a3 b5 29. Qxc6 Rxc6 30. Rd2 Rcd6 1/2-1/2

[Event "Gibraltar Open"]
[Site "Caleta ENG"]
[Date "2012.01.31"]
[Round "8.123"]
[White "Savage, Neil"]
[Black "Riiser, Samuel"]
[Result "0-1"]
[WhiteElo "1645"]
[BlackElo "1827"]
[WhiteFideId "14304783"]
[BlackFideId "1509470"]
[EventDate "2012.01.24"]

1. e4 c5 2. Nc3 a6 3. f4 b5 4. a3 Bb7 5. d3 g6 6. g3 Bg7 7. Bg2 e6 8. Nf3 Ne7 9.
Be3 d6 10. d4 b4 11. Na2 bxa3 12. dxc5 axb2 13. Rb1 Qa5+ 14. Kf2 dxc5 15. Qd6
Qxa2 16. Rhd1 O-O 17. Qxe7 Bxe4 18. Ng5 Bxc2 19. Rd8 Nc6 20. Qxf7+ Kh8 21. Nxe6
Qxe6 22. Rxf8+ Rxf8 23. Qxe6 Bxb1 24. Be4 Bxe4 25. Qxe4 Rb8 26. Qb1 Bd4 27. g4
Kg7 28. Bxd4+ cxd4 29. h4 a5 30. f5 gxf5 31. Qxf5 Rf8 0-1

[Event "Gibraltar Open"]
[Site "Caleta ENG"]
[Date "2012.02.01"]
[Round "9.8"]
[White "Salem, A.R. Saleh"]
[Black "Short, Nigel D"]
[Result "0-1"]
[WhiteTitle "GM"]
[BlackTitle "GM"]
[WhiteElo "2505"]
[BlackElo "2677"]
[WhiteFideId "9301348"]
[BlackFideId "400025"]
[EventDate "2012.01.24"]

1. d4 Nf6 2. c4 e6 3. Nc3 Bb4 4. e3 c5 5. Ne2 d6 6. a3 Ba5 7. g3 O-O 8. Bg2 Nc6
9. O-O Rb8 10. b3 a6 11. dxc5 dxc5 12. Qxd8 Nxd8 13. Rb1 Bc7 14. b4 Nd7 15. Ne4
b6 16. f4 f5 17. N4c3 Nf7 18. e4 Nd6 19. exf5 Rxf5 20. g4 Rf8 21. f5 Nxc4 22.
Nf4 Be5 23. fxe6 Bxc3 24. exd7 Bd4+ 25. Kh1 Bxd7 26. bxc5 Bxc5 27. Bd5+ Kh8 28.
Rb3 Ne5 29. Bb2 Rbe8 30. Rh3 Bxg4 31. Rh4 Bf5 32. Rh5 Ng6 33. Rg5 Bd3 34. Rg4
Rxf4 35. Rfxf4 Re1+ 36. Kg2 Nxf4+ 0-1

[Event "Gibraltar Open"]
[Site "Caleta ENG"]
[Date "2012.02.01"]
[Round "9.12"]
[White "Vachier-Lagrave, Maxime"]
[Black "Dzagnidze, Nana"]
[Result "1/2-1/2"]
[WhiteTitle "GM"]
[BlackTitle "GM"]
[WhiteElo "2699"]
[BlackElo "2535"]
[WhiteFideId "623539"]
[BlackFideId "13601903"]
[EventDate "2012.01.24"]

1. e4 c5 2. Nf3 e6 3. g3 Nc6 4. Bg2 Nf6 5. Qe2 d5 6. d3 Be7 7. O-O O-O 8. e5 Ne8
9. h4 f5 10. exf6 Bxf6 11. c4 dxc4 12. dxc4 Nd4 13. Nxd4 Bxd4 14. Be3 e5 15. Nc3
Nd6 16. Nd5 Kh8 17. Rad1 Bd7 18. Bg5 Qc8 19. Kh2 Rf7 20. Rde1 h6 21. Be3 Bg4 22.
f3 Bf5 23. b3 Qf8 24. f4 Re8 25. Qd1 b6 26. fxe5 Bxe5 27. Bf4 Bd4 28. Bxd6 Rxe1
29. Qxe1 Qxd6 30. Bh3 Qd7 31. Rxf5 Rxf5 32. Nf4 Qf7 33. Bxf5 Qxf5 34. h5 Kh7 35.
Qe6 Qxe6 36. Nxe6 Be5 37. Kh3 Kg8 38. Nd8 Bd6 39. Kg4 Kf8 40. Kf5 Bxg3 41. Kg6
Kg8 42. Nc6 a6 43. Ne7+ Kf8 44. Nd5 b5 45. cxb5 axb5 46. Nc3 b4 47. Ne4 Be5 48.
Nxc5 Ke7 49. Na6 Bc3 50. Nc7 Kd7 51. Nd5 Kd6 52. Ne3 Ke5 53. Nf5 Kf4 54. Nd6 Bd4
55. Nb5 Bb2 56. Nc7 Ke4 57. Ne6 Kd3 58. Nxg7 Kc2 59. Kxh6 Bc1+ 60. Kg6 Kb2 61.
Ne6 Kxa2 62. Nd4 Kb2 63. Kf5 Bh6 64. Ke5 Kc3 65. Ke4 Bg7 66. Ne6 Bh6 67. Nc5 Bf8
68. Kd5 Bh6 69. Kd6 Bf8+ 70. Kc6 Bh6 71. Kb6 Kd4 72. Kb5 Bd2 73. Na6 Ke5 74.
Nxb4 Kf5 75. Nd5 Kg5 76. b4 Bxb4 77. Kxb4 Kxh5 1/2-1/2

[Event "Gibraltar Open"]
[Site "Caleta ENG"]
[Date "2012.02.01"]
[Round "9.13"]
[White "Womacka, Mathias"]
[Black "Fridman, Daniel"]
[Result "1/2-1/2"]
[WhiteTitle "GM"]
[BlackTitle "GM"]
[WhiteElo "2455"]
[BlackElo "2660"]
[WhiteFideId "4611390"]
[BlackFideId "11600454"]
[EventDate "2012.01.24"]

1. e4 e6 2. d4 d5 3. Nd2 c5 4. exd5 Qxd5 5. Ngf3 cxd4 6. Bc4 Qd7 7. O-O Nc6 8.
Nb3 Nf6 9. Nbxd4 Nxd4 10. Nxd4 a6 11. Bf4 b5 12. Bb3 Bb7 13. c3 Be7 14. Qe2 O-O
15. Rad1 Bd5 16. Be5 Rfe8 17. Rd3 Qb7 18. Bxd5 Nxd5 19. Qf3 Rad8 20. Rfd1 Bf8
21. h3 Qc8 22. Qg4 Ne7 23. Nf3 Rxd3 24. Rxd3 Nd5 25. Qe4 f6 26. Bg3 Qc4 27. Qxc4
bxc4 28. Rd2 Kf7 29. Ne1 Bc5 30. Kf1 Rd8 31. Ke2 e5 32. Rc2 Rc8 33. Nf3 Ke6 34.
h4 Ba7 35. Kd1 Ne7 36. Re2 Rd8+ 37. Kc2 Nf5 38. Nd2 Nxg3 39. fxg3 Kf5 40. Nxc4
Kg4 41. Nxe5+ fxe5 42. Rxe5 h6 43. Re7 Bf2 44. Rxg7+ Kh5 45. b4 Be1 46. g4+ Kxh4
47. Rg6 Rd2+ 48. Kb3 Rd3 49. Rxh6+ Kxg4 50. Rc6 Kf5 51. a4 Rg3 52. a5 Ke5 53.
Rxa6 Bxc3 54. Ka4 1/2-1/2

[Event "Gibraltar Open"]
[Site "Caleta ENG"]
[Date "2012.02.01"]
[Round "9.14"]
[White "Iturrizaga, Eduardo"]
[Black "Del Rio De Angelis, Salvador G."]
[Result "1/2-1/2"]
[WhiteTitle "GM"]
[BlackTitle "GM"]
[WhiteElo "2649"]
[BlackElo "2531"]
[WhiteFideId "3901211"]
[BlackFideId "2203138"]
[EventDate "2012.01.24"]

1. d4 e6 2. c4 Nf6 3. Nf3 d5 4. Nc3 dxc4 5. Bg5 a6 6. e4 b5 7. a4 Bb7 8. axb5
axb5 9. Rxa8 Bxa8 10. e5 h6 11. Bd2 Ne4 12. Nxb5 Nxd2 13. Nxd2 Bb4 14. Bxc4 Bxg2
15. Rg1 Bc6 16. Rxg7 Kf8 17. Qg4 h5 18. Rxf7+ Kxf7 19. Qxe6+ Kg7 20. Qf7+ Kh6
21. Qe6+ Kg7 22. Qf7+ Kh6 23. Qe6+ Kg7 24. Qf7+ 1/2-1/2

[Event "Gibraltar Open"]
[Site "Caleta ENG"]
[Date "2012.02.01"]
[Round "9.16"]
[White "Erdos, Viktor"]
[Black "Dvirnyy, Daniyyl"]
[Result "1-0"]
[WhiteTitle "GM"]
[BlackTitle "IM"]
[WhiteElo "2634"]
[BlackElo "2492"]
[WhiteFideId "719978"]
[BlackFideId "817570"]
[EventDate "2012.01.24"]

1. d4 Nf6 2. c4 g6 3. Nf3 Bg7 4. g3 O-O 5. Bg2 d5 6. cxd5 Nxd5 7. O-O Nb6 8. Nc3
Nc6 9. e3 Re8 10. Re1 a5 11. Qe2 Be6 12. Nd2 Nb4 13. Rd1 Qc8 14. a3 Na6 15. Rb1
c6 16. b3 c5 17. Nb5 a4 18. Nc4 Nxc4 19. bxc4 cxd4 20. Nxd4 Bg4 21. f3 Bd7 22.
e4 Nc5 23. Be3 Rd8 24. Bf2 h5 25. e5 Bh3 26. Rb5 Bxg2 27. Kxg2 h4 28. gxh4 Ne6
29. Nxe6 Qxe6 30. Rxd8+ Rxd8 31. Rxb7 Bh6 32. Rb2 Bc1 33. Ra2 Rc8 34. c5 Qb3 35.
e6 fxe6 36. Ra1 Bh6 37. Rb1 Qd5 38. Rb4 Ra8 39. Rd4 Qc6 40. Rg4 1-0

[Event "Gibraltar Open"]
[Site "Caleta ENG"]
[Date "2012.02.01"]
[Round "9.17"]
[White "Cramling, Pia"]
[Black "Brunello, Sabino"]
[Result "1/2-1/2"]
[WhiteTitle "GM"]
[BlackTitle "GM"]
[WhiteElo "2491"]
[BlackElo "2581"]
[WhiteFideId "1700030"]
[BlackFideId "813613"]
[EventDate "2012.01.24"]

1. d4 d5 2. Nf3 Nf6 3. c4 c6 4. Nc3 dxc4 5. a4 a5 6. e4 Bg4 7. Bxc4 e6 8. Qd3
Nbd7 9. O-O Bb4 10. Bf4 O-O 11. Ne5 Nxe5 12. Bxe5 Bh5 13. f3 Nd7 14. Bg3 Qe7 15.
Rfd1 Rfd8 16. Qe2 Rac8 17. Rac1 f6 18. Na2 Bf7 19. Nxb4 Qxb4 20. Be1 Qb6 21. Bf2
Qb4 22. Be1 Qb6 23. Bf2 Qb4 24. Be1 1/2-1/2

[Event "Gibraltar Open"]
[Site "Caleta ENG"]
[Date "2012.02.01"]
[Round "9.20"]
[White "Sargissian, Gabriel"]
[Black "Hanley, Craig A"]
[Result "1-0"]
[WhiteTitle "GM"]
[BlackTitle "IM"]
[WhiteElo "2683"]
[BlackElo "2421"]
[WhiteFideId "13300881"]
[BlackFideId "408514"]
[EventDate "2012.01.24"]

1. d4 Nf6 2. c4 e6 3. Nf3 d5 4. Nc3 Nbd7 5. Bg5 h6 6. Bh4 Bb4 7. cxd5 exd5 8. e3
c5 9. Bd3 Qa5 10. Qc2 g5 11. Bg3 c4 12. Bf5 O-O 13. O-O Re8 14. h4 Bxc3 15. bxc3
Ne4 16. hxg5 hxg5 17. Bxe4 dxe4 18. Nd2 Qd5 19. f3 Nf6 20. Be5 Rxe5 21. dxe5
Qxe5 22. Nxe4 Nxe4 23. Qxe4 Qxe4 24. fxe4 b6 25. Rab1 Kg7 26. Rb5 Kg6 27. Rd1
Be6 28. a4 Rc8 29. Kf2 Kh5 30. Rd6 Kh4 31. Rdd5 Bxd5 32. exd5 Kg4 33. d6 Rd8 34.
Rd5 Rd7 35. g3 Kh5 36. e4 Kg6 37. Ke3 Kf6 38. Kd4 Ke6 39. e5 Rd8 40. Kxc4 Rc8+
41. Kd4 Kd7 42. a5 Rf8 43. axb6 axb6 44. Rb5 Kc6 45. Rb4 Ra8 46. Rc4+ Kd7 47.
Rc7+ Ke8 48. Re7+ Kf8 49. Rb7 1-0

[Event "Gibraltar Open"]
[Site "Caleta ENG"]
[Date "2012.02.01"]
[Round "9.22"]
[White "Molner, Mackenzie"]
[Black "Parligras, Mircea-Emilian"]
[Result "0-1"]
[WhiteTitle "IM"]
[BlackTitle "GM"]
[WhiteElo "2449"]
[BlackElo "2650"]
[WhiteFideId "2021722"]
[BlackFideId "1204297"]
[EventDate "2012.01.24"]

1. e4 c5 2. Nf3 d6 3. d4 cxd4 4. Nxd4 Nf6 5. Nc3 a6 6. Bg5 Nbd7 7. f4 Qc7 8. Qf3
h6 9. Bxf6 Nxf6 10. f5 Qc5 11. O-O-O g5 12. e5 Qxe5 13. g3 g4 14. Qd3 h5 15. Bg2
Bh6+ 16. Kb1 Be3 17. Nc6 Qc5 18. Nxe7 Kxe7 19. Rhe1 Bxf5 20. Rxe3+ Kf8 21. Qxd6+
Qxd6 22. Rxd6 Ne8 23. Rd4 Rb8 24. Re5 Be6 25. Ne4 b6 26. Ng5 Rh6 27. h3 gxh3 28.
Bxh3 Bxh3 29. Nxh3 Rb7 30. Nf4 Re7 31. Rxe7 Kxe7 32. Nd5+ Kf8 33. c4 Ng7 34. Kc2
Nf5 35. Rd3 Rc6 36. b3 b5 37. Kc3 bxc4 38. bxc4 Nd6 39. Nf4 Nxc4 40. Rd8+ Ke7
41. Rh8 Nd6+ 42. Kd3 Nf5 43. Nxh5 Rg6 44. Ke4 Nxg3+ 45. Nxg3 Rxg3 46. Rh2 Ke6
47. Kf4 Ra3 48. Rd2 Ra4+ 49. Kf3 Ke5 50. Re2+ Kf5 51. Rc2 Ra3+ 52. Kf2 Kg4 53.
Rc4+ Kg5 54. Rc2 f5 55. Kg2 Kg4 56. Kf2 f4 57. Kg2 a5 58. Kf2 a4 59. Kg2 Rd3 60.
Kf2 a3 61. Ke2 Rh3 62. Kf1 Rh1+ 0-1

[Event "Gibraltar Open"]
[Site "Caleta ENG"]
[Date "2012.02.01"]
[Round "9.23"]
[White "Cernousek, Lukas"]
[Black "Fier, Alexandr"]
[Result "1-0"]
[WhiteTitle "IM"]
[BlackTitle "GM"]
[WhiteElo "2438"]
[BlackElo "2603"]
[WhiteFideId "311707"]
[BlackFideId "2107139"]
[EventDate "2012.01.24"]

1. d4 Nf6 2. c4 g6 3. Nc3 Bg7 4. g3 O-O 5. Bg2 d6 6. Nf3 Nc6 7. O-O a6 8. Qd3 b5
9. Ne5 Nb4 10. Nc6 Nxc6 11. Bxc6 Rb8 12. cxb5 axb5 13. Bxb5 Bb7 14. Ba6 Ba8 15.
b3 Qd7 16. f3 Qh3 17. e4 c5 18. Be3 Nd7 19. Bb5 Rbd8 20. Rad1 cxd4 21. Bxd4 Ne5
22. Qe2 f5 23. f4 Ng4 24. Bc4+ Kh8 25. Bxg7+ Kxg7 26. Bd5 e5 27. Bxa8 Rxa8 28.
Rxd6 Rae8 29. Nd5 fxe4 30. Rd7+ Kh6 31. f5 gxf5 32. Ne3 Kg6 33. Rd6+ Kg7 34.
Rd7+ Kg6 35. Nxg4 Qxg4 36. Qxg4+ fxg4 37. Re1 Rc8 38. Rd2 Kf5 39. Rf2+ Ke6 40.
Rxe4 Rc1+ 41. Kg2 Rxf2+ 42. Kxf2 Ra1 43. Re2 Rb1 44. Ke3 Kd5 45. Rd2+ Ke6 46.
Kd3 h5 47. Kc4 Rc1+ 48. Kb5 e4 49. a4 Rc3 50. b4 Rd3 51. Ra2 e3 52. a5 Rd2 53.
Ra1 e2 54. Re1 Kd7 55. Kc4 Kc6 56. Kc3 Ra2 57. Kb3 Rd2 58. Kc3 Ra2 59. Kd3 Ra3+
60. Ke4 Ra2 61. Ke3 Ra3+ 62. Kf4 Ra2 63. a6 Kb5 64. a7 Kxb4 65. Rxe2 Rxa7 66.
Re5 Rh7 67. Kg5 Rh8 68. Kh4 Kc4 69. Rxh5 Rg8 70. Rg5 Rh8+ 71. Rh5 Rg8 72. Rg5
Rh8+ 73. Kxg4 Rxh2 74. Ra5 Kd4 75. Kg5 Ke4 76. g4 Rb2 77. Kh5 Rb8 78. g5 Kf4 79.
Kh6 Rh8+ 80. Kg7 Rh5 81. Kf6 1-0

[Event "Gibraltar Open"]
[Site "Caleta ENG"]
[Date "2012.02.01"]
[Round "9.24"]
[White "Lyrberg, Patrik"]
[Black "David, Alberto"]
[Result "0-1"]
[WhiteTitle "IM"]
[BlackTitle "GM"]
[WhiteElo "2435"]
[BlackElo "2598"]
[WhiteFideId "1701975"]
[BlackFideId "4000013"]
[EventDate "2012.01.24"]

1. Nf3 Nf6 2. c4 b6 3. g3 Bb7 4. Bg2 g6 5. d4 Bg7 6. O-O O-O 7. Nc3 Ne4 8. Nxe4
Bxe4 9. Be3 d6 10. Qd2 Nd7 11. Bh6 e6 12. Bxg7 Kxg7 13. b4 Qe7 14. Rfd1 Rae8 15.
a4 e5 16. a5 f5 17. axb6 axb6 18. dxe5 Nxe5 19. Nxe5 Qxe5 20. Ra7 Rf7 21. f3 Ra8
22. Rda1 Rxa7 23. Rxa7 Bc6 24. f4 Qe8 25. Qd4+ Kh6 26. e4 Bxe4 27. g4 Bxg2 28.
g5+ Kh5 29. Qd1+ Kh4 30. Kxg2 Qe4+ 31. Qf3 Re7 32. Qxe4 fxe4 33. h3 e3 34. Ra1
Re4 35. Kf3 Rxc4 36. Kxe3 Rxb4 37. Rc1 c5 38. Rd1 Rd4 39. Ra1 Kxh3 40. Kf3 Rd3+
41. Ke4 c4 42. Rh1+ Kg4 43. Rxh7 Rf3 0-1

[Event "Gibraltar Open"]
[Site "Caleta ENG"]
[Date "2012.02.01"]
[Round "9.31"]
[White "Kanep, Meelis"]
[Black "Schiendorfer, Emanuel"]
[Result "1-0"]
[WhiteTitle "GM"]
[BlackTitle "FM"]
[WhiteElo "2509"]
[BlackElo "2354"]
[WhiteFideId "4501047"]
[BlackFideId "1309889"]
[EventDate "2012.01.24"]

1. c4 e6 2. Nf3 Nf6 3. g3 d5 4. Bg2 dxc4 5. Qa4+ Nbd7 6. Qxc4 c5 7. O-O Rb8 8.
d4 b5 9. Qb3 Bb7 10. dxc5 Bd5 11. Qd1 Bxc5 12. Nc3 Qb6 13. Nxd5 Nxd5 14. e4 N5f6
15. Qe2 O-O 16. Bf4 Rbc8 17. Rad1 Rfd8 18. e5 Nd5 19. Bg5 Re8 20. h4 Qa5 21. a3
Qa4 22. Bc1 Qc4 23. Rfe1 N7b6 24. Rd3 Be7 25. Bg5 Qc2 26. Rd2 Qc4 27. Rd3 Qc2
28. Rd2 Qc4 29. Qd1 Qc7 30. Bxe7 Qxe7 31. Nd4 a6 32. Qg4 b4 33. a4 b3 34. Nxb3
Rc4 35. Qd1 Rxa4 36. Nd4 Rc8 37. Bxd5 exd5 38. e6 fxe6 39. Rxe6 Qc5 40. Nf5 Rc4
41. Ne7+ Kf7 42. Re1 Qxe7 43. Qh5+ 1-0

[Event "Gibraltar Open"]
[Site "Caleta ENG"]
[Date "2012.02.01"]
[Round "9.32"]
[White "Cabrera, Alexis"]
[Black "Wantiez, Fabrice"]
[Result "1-0"]
[WhiteTitle "GM"]
[BlackTitle "FM"]
[WhiteElo "2504"]
[BlackElo "2366"]
[WhiteFideId "3502783"]
[BlackFideId "202274"]
[EventDate "2012.01.24"]

1. d4 Nf6 2. c4 g6 3. f3 d5 4. cxd5 Nxd5 5. e4 Nb6 6. Nc3 Bg7 7. Be3 a5 8. Qd2
a4 9. O-O-O a3 10. b3 O-O 11. h4 c5 12. dxc5 Qxd2+ 13. Kxd2 N6d7 14. Bb5 Na6 15.
Bxa6 Rxa6 16. Nge2 f5 17. h5 e6 18. hxg6 hxg6 19. Kc2 Re8 20. b4 Ne5 21. Kb3
fxe4 22. Nxe4 Bd7 23. N2c3 Rea8 24. f4 Ng4 25. Rxd7 Nxe3 26. Rxb7 Rd8 27. b5 Ra5
28. c6 Bd4 29. c7 Rc8 30. Nd6 1-0

[Event "Gibraltar Open"]
[Site "Caleta ENG"]
[Date "2012.02.01"]
[Round "9.34"]
[White "Alvarez Marquez, Johann"]
[Black "Lupulescu, Constantin"]
[Result "1/2-1/2"]
[WhiteTitle "IM"]
[BlackTitle "GM"]
[WhiteElo "2398"]
[BlackElo "2648"]
[WhiteFideId "3900649"]
[BlackFideId "1207822"]
[EventDate "2012.01.24"]

1. d4 Nf6 2. c4 e6 3. Nc3 c5 4. d5 exd5 5. cxd5 d6 6. Nf3 a6 7. a4 g6 8. Nd2
Nbd7 9. e4 Bg7 10. Be2 O-O 11. O-O Re8 12. Re1 h6 13. Qc2 Ne5 14. f4 Neg4 15. h3
Nh5 16. Nf3 f5 17. hxg4 fxg4 18. Be3 gxf3 19. Bxf3 Ng3 20. Rad1 Bd7 21. a5 Rb8
22. e5 Bf5 23. Ne4 dxe5 24. Qc4 Bxe4 25. Bxe4 Qh4 26. d6+ Kh8 27. d7 Rf8 28. Bf3
Rbd8 29. Qe6 Qh1+ 30. Kf2 Qh4 31. Kg1 Qh1+ 32. Kf2 Qh4 33. Kg1 1/2-1/2

[Event "Gibraltar Open"]
[Site "Caleta ENG"]
[Date "2012.02.01"]
[Round "9.35"]
[White "Felgaer, Ruben"]
[Black "Montero Melendez, Rafael"]
[Result "1/2-1/2"]
[WhiteTitle "GM"]
[WhiteElo "2571"]
[BlackElo "2303"]
[WhiteFideId "107069"]
[BlackFideId "2221772"]
[EventDate "2012.01.24"]

1. e4 e5 2. Nf3 Nc6 3. Bb5 Nf6 4. d3 Bc5 5. Bxc6 dxc6 6. h3 Qd6 7. O-O Be6 8.
Be3 Bxe3 9. fxe3 Nd7 10. Nc3 c5 11. Ng5 c6 12. Qh5 g6 13. Qh6 Qf8 14. Qxf8+ Nxf8
15. Rab1 Ke7 16. b4 cxb4 17. Rxb4 b5 18. d4 a5 19. Rb2 Bc4 20. Rf2 f6 21. Nf3 b4
22. Nb1 Nd7 23. Nbd2 Be6 24. Nb3 Rhb8 25. Rb1 a4 26. Nc1 Bc4 27. g4 c5 28. Nd2
Ba6 29. Nd3 b3 30. axb3 axb3 31. Rxb3 Rxb3 32. Nxb3 c4 33. Nb4 cxb3 34. Nd5+ Kd6
35. cxb3 Bd3 36. Nxf6 Nxf6 37. Rxf6+ Ke7 38. Rc6 Ra7 39. Rc5 exd4 40. exd4 Rd7
41. Kf2 Rxd4 42. Ke3 Rd7 43. b4 Bf1 44. h4 Rb7 45. Kf4 Kf7 46. h5 Bb5 47. h6 Bd7
48. Rd5 Ke7 49. Re5+ Be6 50. Ra5 Rxb4 51. Ra8 Bd5 52. Rh8 Rxe4+ 53. Kg5 Bf7 54.
Rxh7 Rc4 55. Rg7 Rc5+ 56. Kf4 Rc4+ 57. Kg5 Rc1 58. Kf4 Rh1 59. Kg5 Rb1 60. Kf4
Rb8 61. Kg5 Rb5+ 62. Kf4 Kf6 63. g5+ Ke7 64. Rh7 Rb4+ 65. Kg3 Rb3+ 66. Kg4 Rb1
67. Kf4 Rg1 68. Rh8 Rf1+ 69. Ke4 Be6 70. Rb8 Bf5+ 71. Ke5 Re1+ 72. Kd5 Be6+ 73.
Kd4 Rh1 74. Ke5 Bd7 75. Ra8 Rh5 76. Kf4 Be8 77. Ra7+ Bd7 78. Ra8 Kf7 79. Ra7 Ke8
80. Ra6 Bf5 81. Ke5 Ke7 82. Ra7+ Bd7 83. Rxd7+ Kxd7 84. Kf6 Ke8 85. Kxg6 Rxg5+ 1/2-1/2

[Event "Gibraltar Open"]
[Site "Caleta ENG"]
[Date "2012.02.01"]
[Round "9.36"]
[White "Ali, Sebbar"]
[Black "Kosintseva, Nadezhda"]
[Result "0-1"]
[BlackTitle "GM"]
[WhiteElo "2292"]
[BlackElo "2537"]
[WhiteFideId "8100977"]
[BlackFideId "4134974"]
[EventDate "2012.01.24"]

1. e4 c5 2. c3 d6 3. d4 Nf6 4. Bd3 Qc7 5. Nf3 g6 6. O-O Bg7 7. h3 O-O 8. Qe2
Nfd7 9. Na3 Nc6 10. Be3 a6 11. Rac1 b5 12. Bb1 Bb7 13. Rfd1 Rac8 14. h4 e5 15.
d5 Ne7 16. h5 c4 17. hxg6 hxg6 18. Ng5 Bf6 19. g3 Kg7 20. Kg2 Rh8 21. Rh1 Bxg5
22. Bxg5 f6 23. Be3 Nc5 24. Qd2 Rxh1 25. Rxh1 Rh8 26. Rxh8 Kxh8 27. Bc2 Kg7 28.
b3 cxb3 29. axb3 f5 30. f3 fxe4 31. fxe4 Ng8 32. b4 Nd7 33. c4 bxc4 34. b5 c3
35. Qd3 Qa5 36. Nc4 Qb4 37. Nb6 Nxb6 38. Bxb6 axb5 39. Qd1 Nf6 40. Qa1 Qc4 41.
Qa7 Qe2+ 42. Kg1 Qxc2 43. Qxb7+ Kh6 44. Qc8 Qd1+ 45. Kg2 Qe2+ 46. Bf2 Qxe4+ 47.
Kh2 Ng4+ 48. Kg1 c2 49. Bb6 Qe1+ 50. Kg2 Qe2+ 51. Kg1 Qh2+ 52. Kf1 Qh1+ 53. Bg1
Qf3+ 0-1

[Event "Gibraltar Open"]
[Site "Caleta ENG"]
[Date "2012.02.01"]
[Round "9.39"]
[White "Borosova, Zuzana"]
[Black "Gallagher, Joseph G."]
[Result "0-1"]
[WhiteTitle "WGM"]
[BlackTitle "GM"]
[WhiteElo "2284"]
[BlackElo "2505"]
[WhiteFideId "14905779"]
[BlackFideId "1303422"]
[EventDate "2012.01.24"]

1. e4 c5 2. Nf3 d6 3. d4 cxd4 4. Nxd4 Nf6 5. Nc3 a6 6. Be3 e5 7. Nb3 Be6 8. Qd2
Nbd7 9. f3 Be7 10. g4 Nb6 11. g5 Nh5 12. O-O-O Rc8 13. Kb1 O-O 14. Rg1 g6 15. h4
Qc7 16. Qf2 Nc4 17. Bxc4 Bxc4 18. Nd5 Bxd5 19. Rxd5 f6 20. Nc1 fxg5 21. hxg5 Rf7
22. Nd3 Rcf8 23. Ne1 Qc8 24. Qg2 Qc6 25. Rh1 Bd8 26. Rh3 b5 27. Rd1 Bb6 28. Bxb6
Nf4 29. Qd2 Nxh3 30. Be3 Rd8 31. Qg2 Nf4 32. Bxf4 Rxf4 33. Nd3 Rff8 34. Nb4 Qc8
35. Nd5 Qe6 36. Rh1 Rd7 37. Rh3 Kh8 38. Rh6 Rdf7 39. Qh1 Qd7 40. Rxg6 Rxf3 41.
Rf6 R8xf6 42. gxf6 Qh3 0-1

[Event "Gibraltar Open"]
[Site "Caleta ENG"]
[Date "2012.02.01"]
[Round "9.40"]
[White "Tabatt, Hendrik"]
[Black "Baron, Tal"]
[Result "1-0"]
[BlackTitle "GM"]
[WhiteElo "2281"]
[BlackElo "2498"]
[WhiteFideId "4653572"]
[BlackFideId "2809958"]
[EventDate "2012.01.24"]

1. d4 Nf6 2. Nc3 d5 3. Bg5 Nbd7 4. Qd2 e6 5. e4 dxe4 6. O-O-O h6 7. Bxf6 Nxf6 8.
f3 Bb4 9. a3 Bxc3 10. Qxc3 Bd7 11. fxe4 Nxe4 12. Qe1 Nf6 13. Nf3 Qe7 14. Ne5 Rc8
15. h4 c5 16. d5 exd5 17. Nxd7 Nxd7 18. Bb5 d4 19. Rf1 f6 20. Rf5 Qxe1 21. Rxe1+
Kd8 22. Rd5 Rc7 23. Re6 Re8 24. Red6 Re7 25. Kd2 b6 26. h5 Kc8 27. Ba6+ Kb8 28.
b4 Ka8 29. a4 Nb8 30. Be2 Nd7 31. a5 Kb8 32. Bb5 Kc8 33. a6 Kd8 34. bxc5 bxc5
35. g4 Kc8 36. Kc1 Kd8 37. Kb2 Kc8 38. Kb3 Re3+ 39. c3 Re7 40. cxd4 cxd4 41. Kb2
d3 42. Rxd3 Re2+ 43. Ka3 Re7 44. Bc6 Kd8 45. Kb4 Kc8 46. R3d4 Kd8 47. Kc3 Kc8
48. Kd2 Kd8 49. Bb5 Kc8 50. Ba4 Kd8 51. Bb3 Ke8 52. Be6 Rxe6 53. Rxe6+ Kf7 54.
Rc6 Rxc6 55. Rxd7+ Kg8 56. Rxa7 Kh7 57. Kd3 Kh8 58. Kd4 Kh7 59. Kd5 Rb6 60. Ra8
Rb4 61. Kc5 Rxg4 62. Rd8 Ra4 63. Kb6 g6 64. a7 gxh5 65. a8=Q Rxa8 66. Rxa8 Kg6
67. Kc5 Kg5 68. Kd4 Kf4 69. Kd3 h4 70. Ke2 Kg3 71. Kf1 f5 72. Ra3+ Kh2 73. Rb3 1-0

[Event "Gibraltar Open"]
[Site "Caleta ENG"]
[Date "2012.02.01"]
[Round "9.41"]
[White "Muzychuk, Mariya"]
[Black "Ortega Ruiz, Jose Miguel"]
[Result "1-0"]
[WhiteTitle "IM"]
[BlackTitle "FM"]
[WhiteElo "2483"]
[BlackElo "2288"]
[WhiteFideId "14114550"]
[BlackFideId "2209713"]
[EventDate "2012.01.24"]

1. e4 e5 2. Nf3 Nc6 3. d4 exd4 4. Nxd4 Nf6 5. Nxc6 bxc6 6. e5 Qe7 7. Qe2 Nd5 8.
c4 Ba6 9. b3 g6 10. Ba3 c5 11. Bb2 Bg7 12. Nd2 Nb4 13. Ne4 d5 14. exd6 1-0

[Event "Gibraltar Open"]
[Site "Caleta ENG"]
[Date "2012.02.01"]
[Round "9.42"]
[White "Arnold, Marc T"]
[Black "Rodriguez Lopez, Rafael"]
[Result "1-0"]
[WhiteTitle "IM"]
[BlackTitle "IM"]
[WhiteElo "2482"]
[BlackElo "2287"]
[WhiteFideId "2022320"]
[BlackFideId "2204495"]
[EventDate "2012.01.24"]

1. Nf3 c5 2. e4 d6 3. d4 cxd4 4. Nxd4 Nf6 5. Nc3 a6 6. Be3 e5 7. Nf3 Be7 8. Bc4
O-O 9. O-O Be6 10. Bxe6 fxe6 11. Na4 Nfd7 12. c4 Nc6 13. Nc3 Rc8 14. b3 b5 15.
cxb5 Nd4 16. Bxd4 exd4 17. Nxd4 Rxc3 18. Nxe6 Qa8 19. Nxf8 Bxf8 20. bxa6 Nf6 21.
Qd4 Rc6 22. a7 Rc7 23. Rfc1 Rxa7 24. a4 Nxe4 25. b4 d5 26. f3 Nd6 27. b5 Nc4 28.
Rd1 Rxa4 29. Rxa4 Qxa4 30. Qxd5+ Kh8 31. Rc1 Qa7+ 32. Kh1 Nb6 33. Qc6 h6 34. g3
Be7 35. Re1 Kg8 36. Re2 Bf6 37. Re8+ Kf7 38. Re2 Qd7 39. Qxd7+ Nxd7 40. f4 Be7
41. Kg2 Ke8 42. Kf3 Kd8 43. Ke4 Kc7 44. Kf5 Bf6 45. Re6 Bd4 46. Rc6+ Kd8 47. Ke6
Nf8+ 48. Kf7 Nd7 49. Rd6 Bc5 50. Rd1 1-0

[Event "Gibraltar Open"]
[Site "Caleta ENG"]
[Date "2012.02.01"]
[Round "9.43"]
[White "Hunt, Adam C"]
[Black "Ben Artzi, Ido"]
[Result "1-0"]
[WhiteTitle "IM"]
[WhiteElo "2462"]
[BlackElo "2284"]
[WhiteFideId "403970"]
[BlackFideId "2810913"]
[EventDate "2012.01.24"]

1. e4 e5 2. Nf3 Nc6 3. Bb5 a6 4. Ba4 Nf6 5. O-O Be7 6. d3 b5 7. Bb3 d6 8. a4 Bd7
9. Nc3 b4 10. Ne2 Na5 11. Ba2 O-O 12. c3 Rb8 13. Ng3 c5 14. Bg5 h6 15. Bd2 Be6
16. cxb4 cxb4 17. d4 Bxa2 18. Rxa2 d5 19. dxe5 Nxe4 20. Bf4 Nxg3 21. hxg3 Rb6
22. b3 Qd7 23. Rd2 Rd8 24. Be3 Rb7 25. Qb1 Nc6 26. Qd3 a5 27. Rc1 d4 28. Qe4 Rc7
29. Rc4 d3 30. Bb6 1-0